Los Angeles Lakers Top 10 Leaders - Statistics

General Stats
  • This quiz has been taken 2,606 times
    1,146 since last reset
  • The average score is 14 of 24
Answer Stats
Answer % Correct
Kobe Bryant
100%
Kareem Abdul-Jabbar
97%
LeBron James
97%
Magic Johnson
95%
Shaquille O'Neal
94%
Jerry West
92%
Anthony Davis
83%
James Worthy
81%
Wilt Chamberlain
80%
Elgin Baylor
79%
Pau Gasol
76%
Derek Fisher
67%
Gail Goodrich
46%
Michael Cooper
44%
A.C. Green
42%
Andrew Bynum
40%
Byron Scott
40%
Vlade Divac
33%
Jamaal Wilkes
24%
Norm Nixon
22%
Vern Mikkelsen
21%
Elmore Smith
20%
Elden Campbell
11%
Rudy LaRusso
8%
No matching quizzes found
Score Distribution
Percent of People with Each Score
Percentile by Number Answered
Your Score History
You have not taken this quiz since the last reset